Univalent elements - Statistics

General Stats
  • This quiz has been taken 3 times
  • The average score is 9 of 11
Answer Stats
Hint Answer % Correct
Cs+ Cesium
100%
H+ Hydrogen
100%
Li+ Lithium
100%
K+ Potassium
100%
Rb+ Rubidium
100%
Ag+ Silver
100%
Na+ Sodium
100%
Cl- Chloride
67%
F- Flouride
67%
Br- Bromide
33%
I- Iodide
33%
No matching quizzes found
Score Distribution
Percent of People with Each Score
Percentile by Number Answered
Your Score History
You have not taken this quiz